Top 10 Most Populous U.S. States in 2050 - Statistics

General Stats
  • This quiz has been taken 130 times
  • The average score is 9 of 10
Answer Stats
Population State % Correct
48 mil California
100%
41 mil Texas
100%
21 mil New York
98%
30 mil Florida
97%
13 mil Illinois
94%
12 mil Ohio
91%
13 mil Pennsylvania
90%
14 mil Georgia
89%
14 mil North Carolina
85%
11 mil Virginia
79%
No matching quizzes found
Score Distribution
Percent of People with Each Score
Percentile by Number Answered
Your Score History
You have not taken this quiz